| 000 | 00909nam a2200205Ii 4500 | ||
|---|---|---|---|
| 003 | JO-AjNU | ||
| 008 | 230605s9999||||xx |||||||||||||| ||und|| | ||
| 040 |
_aJO-AjNU _bara _erda _cJO-AjNU |
||
| 041 | _aara | ||
| 050 | 1 | 4 | _aKMU67.3.A4822.2004 |
| 100 | 3 |
_aالآلوسي، عبد القادر جار الله, _eauthor _934471 |
|
| 245 | 0 | 0 | _aالدعاوى التي ينظرها القضاء الجزائي : دعوى الحق العام ودعوى الحق الشخصي |
| 250 | _aط1 | ||
| 264 | 3 | 1 | _aدمشق : المكتبة القانونية ، 2004 |
| 300 | _a373ص | ||
| 336 |
_atext _btxt _2rdacontent |
||
| 337 |
_aunmediated _bn _2rdamedia |
||
| 338 |
_avolume _bnc _2rdacarrier |
||
| 650 | 4 |
_aالمحاكم الجنائية -- سوريا -- القانون الجنائي -- سوريا -- قانون الإجراءات الجنائية -- سوريا -- الدعاوى والبينات _934472 |
|
| 999 |
_aA14138 _c17706 _d17706 |
||